00989cam a2200229 a 450000500170000000800410001702000180005804000500007604100080012624501810013426000640031530000610037950400410044065000260048165000400050765000300054765000420057765100250061970000440064470000410068870000300072920150619070820.0150619s2015 ck abd fr 000 0 spa d a9789587711677 aCO-BoUCMbspacJose A. GerenadJose A. Gerena1 aspa00aFactores de riesgo asociados a lesiones causadas por el tránsito y propuesta de intervenciones para el contexto colombianocJorge Martín Rodríguez Hernández...[y otros] aBogotá (Colombia)bPontificia Universidad Javerianac2015 a285 páginasbilustraciones, mapas, cuadros, gráficas aIncluye referencias bibliográficas 7aTránsito zColombia 7aAccidentes de tránsito zColombia 7aSeguridad vial zColombia 7aPrevención de accidentes zColombia 4aColombiaxTránsito1 aRodríguez Hernández, Jorge Martín1 aPeñaloza Quintero, Rolando Enrique1 aAriza Ruiz, Liany Katerin